| 000 | 00521nam a2200169Ia 4500 | ||
|---|---|---|---|
| 999 |
_c12010 _d12010 |
||
| 003 | OSt | ||
| 005 | 20201005095836.0 | ||
| 008 | 190216s9999||||xx |||||||||||||| ||und|| | ||
| 040 | _coclc | ||
| 082 |
_a823.8 _bTHA/V |
||
| 100 |
_aThackeray, W M _94989 |
||
| 245 | 0 |
_aVanity Fair : _bA Novel Without a Hero / _cW M Thackeray ; Elizabth Jenkins |
|
| 260 |
_bPenguin Books, _c1968. _aLondon: |
||
| 300 | _a636p | ||
| 650 | _aEnglish Novel-English Novel | ||
| 942 |
_cBK _2ddc _h823.8 _iTHA/V _k823.8 _mTHA/V |
||